000 00523nab a2200181 4500
999 _c217400
_d217400
001 786
003 OSt
005 20210617082630.0
007 tu
008 ||||||||||||
040 _aDE-2950
_cDE-2950
245 0 0 _aMusik verbindet.
_bIHK und Bundespolizei rufen zum Spenden für das Deutsch-Polnische Jugendorchester auf /
_cFORUM/KL
525 _aEnthaltene Fotografien: Foto
653 _aFrankfurt (Oder)
653 _aDeutsch-polnisches Jugendorchester
773 0 _g06/2021, S.26: Foto
_tForum
942 _2z
_cA